000
00238nam a2200097Ia 4500
001
762771
005
20250826165232.0
008
250824s9999 xx 000 0 und d
245
0
_a
AKIL VE ZEKA OYUNLARI
_c
OĞUZ SAYGIN
260
_b
GENÇ HAYAT
999
_c
762771
_d
762771